[Event "BI-2014-P-0027"]
[Site "LSS email"]
[Date "2014.04.19"]
[Round "?"]
[White "Bartsch, Christian"]
[Black "Molina, Vicente Andres"]
[Result "1-0"]
[WhiteElo "1768"]
[BlackElo "759"]
[PlyCount "45"]
[EventDate "2014.04.25"]
[EventType "tourn (corr)"]
[EventRounds "10"]
[EventCountry "GER"]
[SourceTitle "Corr 2015"]
[Source "ChessBase"]
[SourceDate "2015.07.17"]
[SourceVersion "1"]
[SourceVersionDate "2015.07.17"]
[SourceQuality "1"]

1. e4 c5 2. Nc3 Nc6 3. f4 d6 4. Nf3 e6 5. Bb5 Bd7 6. 0-0 Nge7 7. Bc4 a6 8. f5 exf5 9. d3 b5 10. Bb3 Nd4 11. Nxd4 cxd4 12. Ne2 Be6 13. Bxe6 fxe6 14. Nxd4 Qd7 15. exf5 Nxf5 16. Nxe6 Qa7+ 17. Kh1 Ne3 18. Bxe3 Qxe3 19. Nc7+ Kd7 20. Rf7+ Kc6 21. c4 Rc8 22. cxb5+ axb5 23. Rc1+ 1-0

[Event "BI-2014-P-0027"]
[Site "LSS email"]
[Date "2014.04.19"]
[Round "?"]
[White "Bartsch, Christian"]
[Black "Trani, Francesco"]
[Result "0-1"]
[WhiteElo "1768"]
[BlackElo "1693"]
[PlyCount "46"]
[EventDate "2014.04.25"]
[EventType "tourn (corr)"]
[EventRounds "10"]
[EventCountry "GER"]
[SourceTitle "Corr 2015"]
[Source "ChessBase"]
[SourceDate "2015.07.17"]
[SourceVersion "1"]
[SourceVersionDate "2015.07.17"]
[SourceQuality "1"]

1. e4 c5 2. Nc3 e6 3. f4 a6 4. Nf3 d5 5. d3 Nc6 6. g4 d4 7. Ne2 e5 8. h3 exf4 9. Nxf4 Bd6 10. Nh5 g6 11. Nf4 Nge7 12. Bg2 Qc7 13. Qd2 Bd7 14. 0-0 0-0-0 15. c4 f5 16. Ng5 Rde8 17. Nf7 Rhf8 18. Nxd6+ Qxd6 19. exf5 gxf5 20. g5 h6 21. gxh6 Qxh6 22. b4 Rg8 23. a3 Ng6 0-1

[Event "BI-2014-P-0027"]
[Site "LSS email"]
[Date "2014.04.19"]
[Round "?"]
[White "Fernandez, Javier Horacio"]
[Black "Bartsch, Christian"]
[Result "1-0"]
[WhiteElo "2202"]
[BlackElo "1768"]
[PlyCount "59"]
[EventDate "2014.04.25"]
[EventType "tourn (corr)"]
[EventRounds "10"]
[EventCountry "GER"]
[SourceTitle "Corr 2015"]
[Source "ChessBase"]
[SourceDate "2015.07.17"]
[SourceVersion "1"]
[SourceVersionDate "2015.07.17"]
[SourceQuality "1"]

1. d4 Nf6 2. Nf3 e6 3. g3 c5 4. Bg2 cxd4 5. 0-0 d5 6. Nxd4 e5 7. Nb3 Be6 8. Nc3 Be7 9. f4 Qb6+ 10. Kh1 exf4 11. gxf4 0-0 12. Qd3 Nc6 13. Be3 Qc7 14. f5 Nb4 15. Qd2 Bd7 16. Bd4 Rad8 17. a3 Nc6 18. Bxf6 Bxf6 19. Nxd5 Qd6 20. Qf4 Be5 21. Qh4 Bxb2 22. Rab1 Be5 23. f6 Kh8 24. c4 b6 25. c5 bxc5 26. Rbd1 Nd4 27. fxg7+ Bxg7 28. Nf6 h6 29. Nxd7 Qxd7 30. Nxd4 1-0

[Event "WC-2014-P-00020"]
[Site "LSS email"]
[Date "2014.02.03"]
[Round "?"]
[White "Bartsch, Christian"]
[Black "Wosch, Arkadiusz Janusz"]
[Result "0-1"]
[WhiteElo "1969"]
[BlackElo "2309"]
[PlyCount "62"]
[EventDate "2014.02.10"]
[EventType "tourn (corr)"]
[EventRounds "12"]
[EventCountry "GER"]
[SourceTitle "Corr 2022"]
[Source "ChessBase"]
[SourceDate "2021.10.24"]
[SourceVersion "1"]
[SourceVersionDate "2021.10.24"]
[SourceQuality "1"]

1. d4 Nf6 2. Nf3 g6 3. c4 Bg7 4. g3 0-0 5. Bg2 d6 6. 0-0 Nbd7 7. Nc3 e5 8. e4 c6 9. h3 Qb6 10. Re1 exd4 11. Nxd4 Ne8 12. Nf3 Bxc3 13. bxc3 f6 14. Be3 Qc7 15. Nd4 Ne5 16. Bf1 Ng7 17. f4 Nf7 18. Rb1 b6 19. Bg2 Bb7 20. Bf2 Rae8 21. Qa4 Ra8 22. Nf3 c5 23. Nh2 h5 24. Nf1 Bc6 25. Qc2 Rae8 26. Ne3 Nd8 27. Nd5 Qf7 28. Qd3 Bb7 29. g4 hxg4 30. hxg4 Bxd5 31. cxd5 Qd7 0-1

[Event "SB-2014-0-00348"]
[Site "LSS email"]
[Date "2014.01.11"]
[Round "?"]
[White "Bartsch, Christian"]
[Black "Rusak, Alexander"]
[Result "1-0"]
[WhiteElo "1982"]
[BlackElo "1843"]
[PlyCount "81"]
[EventDate "2013.12.22"]
[EventType "tourn (corr)"]
[EventRounds "6"]
[EventCountry "GER"]
[SourceTitle "Corr 2022"]
[Source "ChessBase"]
[SourceDate "2021.10.24"]
[SourceVersion "1"]
[SourceVersionDate "2021.10.24"]
[SourceQuality "1"]

1. e4 e5 2. Bc4 Nf6 3. d4 exd4 4. Nf3 Nc6 5. 0-0 Bc5 6. e5 d5 7. exf6 dxc4 8. Re1+ Be6 9. Ng5 Qd5 10. Nc3 Qf5 11. Nce4 0-0-0 12. g4 Qe5 13. Nxe6 fxe6 14. fxg7 Rhg8 15. Bh6 d3 16. c3 Be7 17. Qf3 Qd5 18. Rad1 Ne5 19. Qf4 Ng6 20. Qf7 Rde8 21. g5 Ne5 22. Qf4 Rd8 23. b3 cxb3 24. axb3 Kb8 25. c4 Qd4 26. Qg3 Nf7 27. Re3 d2 28. Rxd2 Qa1+ 29. Kg2 Rxd2 30. Nxd2 Bxg5 31. Bxg5 Qxg7 32. h4 h6 33. Rxe6 hxg5 34. Re7 Rc8 35. hxg5 Qg6 36. Ne4 Nd8 37. Qf4 Nc6 38. Rf7 Ne5 39. Rf8 Nd7 40. Rxc8+ Kxc8 41. Qe3 1-0

[Event "SB-2013-0-00331"]
[Site "LSS email"]
[Date "2013.10.01"]
[Round "?"]
[White "Bartsch, Christian"]
[Black "Owens, Johnny"]
[Result "1/2-1/2"]
[WhiteElo "1766"]
[BlackElo "1806"]
[PlyCount "58"]
[EventDate "2013.09.14"]
[EventType "tourn (corr)"]
[EventRounds "6"]
[EventCountry "GER"]
[SourceTitle "Corr 2015"]
[Source "ChessBase"]
[SourceDate "2015.07.17"]
[SourceVersion "1"]
[SourceVersionDate "2015.07.17"]
[SourceQuality "1"]

1. e4 e6 2. d4 d5 3. Nc3 Bb4 4. exd5 exd5 5. Bd3 Nf6 6. Nge2 Nc6 7. 0-0 h6 8. a3 Bxc3 9. bxc3 0-0 10. Ng3 Re8 11. Bf4 Bg4 12. Qd2 Ne7 13. Rae1 Ng6 14. Bxg6 fxg6 15. Qd3 Rxe1 16. Rxe1 g5 17. Be5 c6 18. h3 Bd7 19. Bd6 Kh8 20. c4 Qg8 21. cxd5 cxd5 22. Qb3 b6 23. Re7 Re8 24. Rxe8 Qxe8 25. Be5 Ba4 26. Qc3 Qe6 27. Qc7 Qd7 28. Qxd7 Nxd7 29. c3 Bc2 1/2-1/2

[Event "SB-2013-0-00331"]
[Site "LSS email"]
[Date "2013.10.01"]
[Round "?"]
[White "Bartsch, Christian"]
[Black "Sorcinelli, Andrea"]
[Result "1/2-1/2"]
[WhiteElo "1766"]
[BlackElo "2110"]
[PlyCount "57"]
[EventDate "2013.09.14"]
[EventType "tourn (corr)"]
[EventRounds "6"]
[EventCountry "GER"]
[SourceTitle "Corr 2015"]
[Source "ChessBase"]
[SourceDate "2015.07.17"]
[SourceVersion "1"]
[SourceVersionDate "2015.07.17"]
[SourceQuality "1"]

1. e4 c5 2. Nc3 Nc6 3. f4 e6 4. Nf3 Nge7 5. d4 cxd4 6. Nxd4 Nxd4 7. Qxd4 Nc6 8. Qf2 d5 9. Bd3 Be7 10. 0-0 0-0 11. Rd1 d4 12. Ne2 e5 13. c3 Qb6 14. f5 dxc3 15. Qxb6 axb6 16. Nxc3 Bc5+ 17. Kf1 Bd7 18. Nd5 Be6 19. Bg5 Bxd5 20. exd5 Nd4 21. f6 Rfe8 22. Re1 Rad8 23. a3 Rxd5 24. fxg7 Kxg7 25. Be4 Rd7 26. Rad1 b5 27. b4 Bb6 28. g4 f6 29. Be3 1/2-1/2

[Event "RB-2013-0-00221"]
[Site "LSS email"]
[Date "2013.10.01"]
[Round "?"]
[White "Bartsch, Christian"]
[Black "Willmann, Bernd"]
[Result "0-1"]
[WhiteElo "1914"]
[BlackElo "1985"]
[PlyCount "114"]
[EventDate "2013.08.25"]
[EventType "tourn (corr)"]
[EventRounds "6"]
[EventCountry "GER"]
[SourceTitle "Telechess CBM 167"]
[Source "ChessBase"]
[SourceDate "2015.07.13"]
[SourceVersion "1"]
[SourceVersionDate "2015.07.13"]
[SourceQuality "1"]

1. e4 c5 2. Nc3 Nc6 3. f4 g6 4. Nf3 Bg7 5. Bb5 Nd4 6. 0-0 a6 7. Bd3 d6 8. Nxd4 cxd4 9. Ne2 Nf6 10. Kh1 e5 11. c3 0-0 12. Qe1 Re8 13. Qh4 Bg4 14. fxe5 dxe5 15. Bc4 Qc8 16. d3 b5 17. Bb3 Bxe2 18. Rxf6 Bxf6 19. Qxf6 Re6 20. Qf2 Bxd3 21. cxd4 Bc4 22. d5 Rd6 23. Bc2 f5 24. Bg5 fxe4 25. Be7 Rd7 26. d6 Bd5 27. Re1 Qc6 28. h3 Rc8 29. Bb1 Rxd6 30. Bxd6 Qxd6 31. b3 Qc5 32. Qh4 e3 33. Be4 Bxe4 34. Qxe4 Qd4 35. Qxe3 Qxe3 36. Rxe3 Rc5 37. b4 Rc1+ 38. Kh2 Kf7 39. Rxe5 Rc4 40. a3 Rc3 41. Re4 Rxa3 42. Rh4 Kg7 43. Rf4 Ra4 44. Kg3 g5 45. Rg4 Kf6 46. h4 h6 47. hxg5+ hxg5 48. Kf3 Kf5 49. Rd4 Ra3+ 50. Kf2 g4 51. g3 Rf3+ 52. Kg2 Rc3 53. Rf4+ Kg5 54. Rf1 Rc4 55. Rb1 Kf5 56. Kf2 Rc2+ 57. Ke3 Rg2 0-1

[Event "RB-2013-0-00221"]
[Site "LSS email"]
[Date "2013.10.01"]
[Round "?"]
[White "Blittkowsky, Ralf"]
[Black "Bartsch, Christian"]
[Result "1/2-1/2"]
[WhiteElo "1726"]
[BlackElo "1914"]
[PlyCount "68"]
[EventDate "2013.08.25"]
[EventType "tourn (corr)"]
[EventRounds "6"]
[EventCountry "GER"]
[SourceTitle "Telechess CBM 167"]
[Source "ChessBase"]
[SourceDate "2015.07.13"]
[SourceVersion "1"]
[SourceVersionDate "2015.07.13"]
[SourceQuality "1"]

1. d4 Nf6 2. c4 e6 3. Nf3 b6 4. g3 Bb7 5. Bg2 Be7 6. 0-0 0-0 7. Re1 d5 8. cxd5 exd5 9. Nc3 Na6 10. Bf4 c5 11. Ne5 Ne4 12. Nxe4 dxe4 13. dxc5 Nxc5 14. Qc2 Qc8 15. Nc4 Qe6 16. Red1 Rad8 17. h4 h6 18. Rac1 Rxd1+ 19. Qxd1 Rd8 20. Qc2 Nd7 21. Kh2 g5 22. Bh3 f5 23. Bd2 Nf6 24. Ne3 g4 25. Bg2 Kf7 26. a3 Kg6 27. Rd1 Nh5 28. Bc1 Rxd1 29. Nxd1 Bd6 30. Nc3 Bc5 31. e3 Bd6 32. Nb5 Bb8 33. Nd4 Qe7 34. Kg1 Qc7 1/2-1/2

[Event "CP-2013-P-00061"]
[Site "LSS email"]
[Date "2013.09.30"]
[Round "?"]
[White "Bartsch, Christian"]
[Black "Lenz, Juergen"]
[Result "1-0"]
[WhiteElo "1926"]
[BlackElo "1003"]
[PlyCount "79"]
[EventDate "2013.10.01"]
[EventType "tourn (corr)"]
[EventRounds "6"]
[EventCountry "GER"]
[SourceTitle "Telechess CBM 167"]
[Source "ChessBase"]
[SourceDate "2015.07.13"]
[SourceVersion "1"]
[SourceVersionDate "2015.07.13"]
[SourceQuality "1"]

1. e4 Nf6 2. Nc3 d5 3. exd5 Nxd5 4. Bc4 Nb6 5. Bb3 Nc6 6. Nf3 Bf5 7. 0-0 e6 8. d3 Be7 9. Re1 0-0 10. Bf4 Bg4 11. h3 Bh5 12. d4 Bf6 13. Nb5 Rc8 14. c3 a6 15. Na3 Nd5 16. Bg3 Be7 17. Nc4 b5 18. Ncd2 Bd6 19. Ne4 Bxg3 20. Nxg3 Bg6 21. Bc2 Nce7 22. Ne4 Nf5 23. Nc5 Ra8 24. Ne5 Nd6 25. Bb3 a5 26. Bxd5 exd5 27. Nc6 Qh4 28. Ne7+ Kh8 29. Nxd5 c6 30. Nb6 Rae8 31. Qf3 Ne4 32. Nbd7 Rg8 33. a4 Nxc5 34. Rxe8 Rxe8 35. Nxc5 b4 36. Qxc6 f6 37. d5 Re2 38. g3 Qxh3 39. Ne6 h5 40. Qc8+ 1-0

[Event "WC-2013-F-00008"]
[Site "LSS email"]
[Date "2013.07.24"]
[Round "?"]
[White "Bartsch, Christian"]
[Black "Luers, Charles J"]
[Result "1/2-1/2"]
[WhiteElo "1766"]
[BlackElo "1879"]
[PlyCount "65"]
[EventDate "2013.08.01"]
[EventType "tourn (corr)"]
[EventRounds "12"]
[EventCountry "GER"]
[SourceTitle "Corr 2015"]
[Source "ChessBase"]
[SourceDate "2015.07.17"]
[SourceVersion "1"]
[SourceVersionDate "2015.07.17"]
[SourceQuality "1"]

1. e4 e5 2. Nf3 Nc6 3. Bc4 Nf6 4. d3 Bc5 5. c3 d6 6. Bb3 a6 7. h3 Ba7 8. Nbd2 0-0 9. Nf1 d5 10. Qe2 h6 11. Ng3 Be6 12. 0-0 Re8 13. Re1 Qd7 14. Bc2 Rad8 15. Nh4 dxe4 16. dxe4 Ne7 17. Rd1 Qc6 18. Be3 Bxe3 19. Qxe3 Rd6 20. Rxd6 cxd6 21. a4 d5 22. Qe2 dxe4 23. Nxe4 Bd5 24. Nxf6+ Qxf6 25. Qg4 Bc6 26. Re1 Rd8 27. Nf5 Nxf5 28. Qxf5 Qxf5 29. Bxf5 Bxa4 30. Rxe5 Rd1+ 31. Kh2 Rd2 32. b4 Kf8 33. Kg3 1/2-1/2

[Event "WC-2013-F-00008"]
[Site "LSS email"]
[Date "2013.07.24"]
[Round "?"]
[White "Pott, Brian"]
[Black "Bartsch, Christian"]
[Result "1/2-1/2"]
[WhiteElo "1793"]
[BlackElo "1766"]
[PlyCount "60"]
[EventDate "2013.08.01"]
[EventType "tourn (corr)"]
[EventRounds "12"]
[EventCountry "GER"]
[SourceTitle "Corr 2015"]
[Source "ChessBase"]
[SourceDate "2015.07.17"]
[SourceVersion "1"]
[SourceVersionDate "2015.07.17"]
[SourceQuality "1"]

1. e4 c5 2. Nf3 a6 3. c3 e6 4. d4 d5 5. e5 Bd7 6. Bd3 Nc6 7. 0-0 cxd4 8. cxd4 Qb6 9. Bc2 Nb4 10. Bb3 Ne7 11. a3 Nbc6 12. Bc2 Ng6 13. Nc3 Be7 14. g3 Rc8 15. Rb1 0-0 16. Be3 f5 17. exf6 Bxf6 18. Bxg6 hxg6 19. Na4 Qd8 20. Nc5 Be7 21. Nxd7 Qxd7 22. Rc1 Rf5 23. Bf4 Rcf8 24. Ne5 Nxe5 25. Bxe5 Bd6 26. Bxd6 Qxd6 27. Rc2 e5 28. dxe5 Qxe5 29. Re1 Qf6 30. Ree2 g5 1/2-1/2